Every Best Supporting Actor Winner At The Oscars - Statistics

General Stats
  • This quiz has been taken 58 times
  • The average score is 50 of 89
Answer Stats
Year Movie Actor % Correct
2019 Once Upon A Time in Hollywood Brad Pitt
92%
1997 Good Will Hunting Robin Williams
92%
1990 GoodFellas Joe Pesci
88%
1993 The Fugitive Tommy Lee Jones
88%
1996 Jerry Maguire Cuba Gooding Jr.
85%
1989 Glory Denzel Washington
85%
1974 The Godfather Part II Robert De Niro
85%
2009 Inglourious Basterds Christoph Waltz
83%
2012 Django Unchained Christoph Waltz
83%
1983 Terms of Endearment Jack Nicholson
83%
2007 No Country for Old Men Javier Bardem
83%
1995 The Usual Suspects Kevin Spacey
83%
1986 Hannah and Her Sisters Michael Caine
83%
1999 The Cider House Rules Michael Caine
83%
2013 Dallas Buyers Club Jared Leto
81%
1988 A Fish Called Wanda Kevin Kline
81%
2023 Oppenheimer Robert Downey Jr.
81%
1978 The Deer Hunter Christopher Walken
79%
1992 Unforgiven Gene Hackman
79%
2008 The Dark Knight Heath Ledger
79%
2004 Million Dollar Baby Morgan Freeman
79%
2010 The Fighter Christian Bale
77%
2005 Syriana George Clooney
77%
2006 Little Miss Sunshine Alan Arkin
75%
1987 The Untouchables Sean Connery
73%
1991 City Slickers Jack Palance
71%
2014 Whiplash JK Simmons
71%
2016 Moonlight Mahershala Ali
71%
2018 Green Book Mahershala Ali
71%
2003 Mystic River Tim Robbins
69%
1955 Mister Roberts Jack Lemmon
67%
1981 Arthur John Gielgud
65%
2017 Three Billboards Outside Ebbing, Missouri Sam Rockwell
65%
1982 An Officer and a Gentleman Louis Gossett Jr.
63%
2000 Traffic Benicio del Toro
60%
2002 Adaptation Chris Cooper
58%
1985 Cocoon Don Ameche
58%
2001 Iris Jim Broadbent
58%
1994 Ed Wood Martin Landau
58%
1963 Hud Melvyn Douglas
58%
1979 Being There Melvyn Douglas
58%
1953 From Here to Eternity Frank Sinatra
56%
1972 Cabaret Joel Grey
56%
1980 Ordinary People Timothy Hutton
56%
1975 The Sunshine Boys George Burns
54%
2015 Bridge of Spies Mark Rylance
54%
1967 Cool Hand Luke George Kennedy
52%
1984 The Killing Fields Haing S. Ngor
50%
1976 All the President's Men Jason Robards
50%
1977 Julia Jason Robards
50%
2011 Beginners Christopher Plummer
48%
2020/21 Judas and the Black Messiah Daniel Kaluuya
48%
1950 All About Eve George Sanders
48%
1951 A Streetcar Named Desire Karl Malden
48%
2022 Everything Everywhere All At Once Ke Huy Quan
48%
1952 Viva Zapata! Anthony Quinn
46%
1956 Lust for Life Anthony Quinn
46%
1970 Ryan's Daughter John Mills
46%
1960 Spartacus Peter Ustinov
46%
1964 Topkapi Peter Ustinov
46%
1948 The Treasure of the Sierra Madre Walter Huston
46%
1969 They Shoot Horses, Don't They? Gig Young
44%
1973 The Paper Chase John Houseman
44%
1966 The Fortune Cookie Walter Matthau
44%
1971 The Last Picture Show Ben Johnson
42%
1943 The More the Merrier Charles Coburn
42%
1961 West Side Story George Chakiris
42%
1998 Affliction James Coburn
42%
1947 Miracle on 34th Street Edmund Gwenn
33%
1946 The Best Years of Our Lives Harold Russell
33%
2024 A Real Pain Kieran Culkin
33%
1939 Stagecoach Thomas Mitchell
33%
1936 Come and Get It Walter Brennan
33%
1938 Kentucky Walter Brennan
33%
1940 The Westerner Walter Brennan
33%
1944 Going My Way Barry Fitzgerald
31%
1958 The Big Country Burl Ives
31%
1959 Ben-Hur Hugh Griffith
31%
1965 A Thousand Clowns Martin Balsam
31%
1957 Sayonara Red Buttons
31%
1949 Twelve O'Clock High Dean Jagger
29%
1968 The Subject Was Roses Jack Albertson
29%
2021 CODA Troy Kotsur
29%
1941 How Green Was My Valley Donald Crisp
27%
1954 The Barefoot Contessa Edmond O'Brien
27%
1945 A Tree Grows in Brooklyn James Dunn
27%
1962 Sweet Bird of Youth Ed Begley
25%
1942 Johnny Eager Van Heflin
25%
1937 The Life of Emile Zola Joseph Schildkraut
21%
No matching quizzes found
Score Distribution
Percent of People with Each Score
Percentile by Number Answered
Your Score History
You have not taken this quiz